00525nam a2200181Ia 4500008004100000020001800041082002700059100003700086100003700123245005700160260004600217260002000263260000900283300001000292650001000302650001800312650001300330260428s9999 xx 000 0 und d a9789561428737 a345.830268 N217e 2021  aNáquira Riveros, Jaime, editor aRosenblut G., Verónica, editor 0aEstudios de derecho penal económico chileno (2019) aEdiciones Universidad Católica de Chile bSantiago, Chile c2021 a276p. aChile aDerecho Penal aEstudios